English Encounters: a textbook to face challenges in communication/ (Record no. 176261)
[ view plain ]
| 000 -LEADER | |
|---|---|
| fixed length control field | 00782nam a22002177a 4500 |
| 005 - DATE AND TIME OF LATEST TRANSACTION | |
| control field | 20201207162754.0 |
| 010 ## - LCCN (DPL NO) | |
| LC control number | ENG-128633 |
| 020 ## - INTERNATIONAL STANDARD BOOK NUMBER | |
| International Standard Book Number | 978-93-84361-67-9 |
| Terms of availability | 150.00 |
| 035 ## - SYSTEM CONTROL NUMBER | |
| System control number | EN-112165 |
| 037 ## - SOURCE OF ACQUISITION | |
| Source of stock number/acquisition | DBAD/PUB |
| 082 ## - DEWEY DECIMAL CLASSIFICATION NUMBER | |
| Classification number | 485 |
| 100 ## - MAIN ENTRY--PERSONAL NAME | |
| Personal name | Prasad, M. Hari |
| 245 ## - TITLE STATEMENT | |
| Title | English Encounters: a textbook to face challenges in communication/ |
| Remainder of title | M. Hari Prasad, K. Venkat Reddy, and M. Sambaiah |
| 250 ## - EDITION STATEMENT | |
| Edition statement | 2nd |
| 260 ## - PUBLICATION, DISTRIBUTION, ETC. (IMPRINT) | |
| Place of publication, distribution, etc | Andhra Pradesh |
| Name of publisher, distributor, etc | Maruthi Publications |
| Date of publication, distribution, etc | 2017 |
| 270 ## - ADDRESS | |
| City | Andhra Pradesh |
| Postal code | 522001 |
| Address | 9-4-95, Maruthi Manikanta Nilayam, 3rd Lane, Railpet, Gunter |
| Electronic mail address | contact@maruthipublications.com |
| Telephone number | 2224032 |
| Fax number | 91 863 2220566 |
| 300 ## - PHYSICAL DESCRIPTION | |
| Extent | 138p. |
| Dimensions | 24cm(pbk) |
| 700 ## - ADDED ENTRY--PERSONAL NAME | |
| Personal name | Reddy, K. Venkat |
| 700 ## - ADDED ENTRY--PERSONAL NAME | |
| Personal name | Sambaiah, M. |
| 942 ## - ADDED ENTRY ELEMENTS (KOHA) | |
| Source of classification or shelving scheme | Dewey Decimal Classification |
| Item type | English Books |
| Classification part | 485 |
| Call number suffix | PRA |
| Withdrawn status | Lost status | Not for loan | Collection code | Home library | Current library | Date acquired | Source of acquisition | Cost, normal purchase price | Full call number | Barcode | Copy number | Cost, replacement price | Koha item type |
|---|---|---|---|---|---|---|---|---|---|---|---|---|---|
| Non-fiction | Central Library | Central Library | 07/12/2020 | DBAD/PUB | 150.00 | 485 PRA | EN-112165 | 1 | 150.00 | English Books |
